Five stories: (Record no. 186107)
[ view plain ]
| 000 -LEADER | |
|---|---|
| fixed length control field | 00709 a2200193 4500 |
| 003 - CONTROL NUMBER IDENTIFIER | |
| control field | Nust |
| 005 - DATE AND TIME OF LATEST TRANSACTION | |
| control field | 20230331103658.0 |
| 010 ## - LIBRARY OF CONGRESS CONTROL NUMBER | |
| LC control number | 56013685 |
| 040 ## - CATALOGING SOURCE | |
| Transcribing agency | Nust |
| 082 ## - DEWEY DECIMAL CLASSIFICATION NUMBER | |
| Classification number | 808.83,CAT |
| 100 ## - MAIN ENTRY--PERSONAL NAME | |
| Personal name | Cather, Willa, |
| 9 (RLIN) | 50729 |
| 245 ## - TITLE STATEMENT | |
| Title | Five stories: |
| Remainder of title | With an article by George N. Kates on Miss Cather’s last, unfinished, and unpublished Avignon story / |
| Statement of responsibility, etc. | Willa Cather, |
| 260 ## - PUBLICATION, DISTRIBUTION, ETC. | |
| Place of publication, distribution, etc. | Vintage Books |
| Name of publisher, distributor, etc. | New York |
| Date of publication, distribution, etc. | 1956 |
| 300 ## - PHYSICAL DESCRIPTION | |
| Extent | 214 p |
| Other physical details | 19 cm |
| 505 ## - FORMATTED CONTENTS NOTE | |
| Formatted contents note | The Enchanted Bluff (Page-3), Tom Outland Story (Page-16), Neighbor Rosicky (Page-72), The Best Years (Page-112), Pauls’s Case (Page-149). |
| 600 ## - SUBJECT ADDED ENTRY--PERSONAL NAME | |
| Personal name | Cather, Willa, |
| 9 (RLIN) | 50729 |
| 650 ## - SUBJECT ADDED ENTRY--TOPICAL TERM | |
| Topical term or geographic name entry element | Five stories |
| 9 (RLIN) | 111646 |
| 942 ## - ADDED ENTRY ELEMENTS (KOHA) | |
| Source of classification or shelving scheme | |
| Koha item type | Book |
| Call number prefix | 808.83,CAT |
| Withdrawn status | Lost status | Source of classification or shelving scheme | Damaged status | Not for loan | Permanent Location | Current Location | Shelving location | Date acquired | Full call number | Barcode | Date last seen | Price effective from | Koha item type | Public note |
|---|---|---|---|---|---|---|---|---|---|---|---|---|---|---|
| Military College of Signals (MCS) | Military College of Signals (MCS) | General Stacks | 12/12/2016 | 808.83,CAT | MCS30173 | 12/08/2016 | 12/12/2016 | Book | Almirh No 75, Shelf No 4 |
